|
|
|
|
| LEADER |
00987cam a2200265 7i4500 |
| 001 |
0000078275 |
| 005 |
20230620090000.0 |
| 020 |
|
|
|a 9781003010999 (electronic book)
|
| 090 |
0 |
0 |
|a BF109.B6435
|b J37 2022
|
| 100 |
1 |
|
|a Jaron, Steven
|
| 245 |
1 |
0 |
|a Christopher Bollas :
|b a contemporary introduction
|c Steve Jaron.
|
| 264 |
|
|
|a London ; New York, NY:
|b Routledge, Taylor & Francis Group,
|c 2022.
|
| 300 |
|
|
|a 1 online resource (xiv, 131 pages):
|b text file, PDF.
|
| 336 |
|
|
|a text
|2 rdacontent
|
| 337 |
|
|
|a computer
|2 rdamedia
|
| 338 |
|
|
|a online resource
|2 rdacarrier
|
| 650 |
|
0 |
|a Bollas, Christopher
|
| 650 |
|
0 |
|a Psychoanalysts --
|x Biography
|
| 650 |
|
0 |
|a Parapsychology
|
| 655 |
|
0 |
|a Electronic books
|
| 856 |
4 |
2 |
|u http://library.unisel.edu.my/web/guest/mylibrary
|
| 997 |
|
|
|a Education & Social Sciences, Faculty
|b Social Sciences, Department
|
| 998 |
|
|
|a Psychology, Diploma
|
| 998 |
|
|
|a Industrial Psychology, Degree
|
| 999 |
|
|
|a EBO0020462
|b EBOOK
|c EBOOK
|e Electronic resources
|